[Event "Prvenstvo Sente   SENTA 2014"]
[Site "Senta"]
[Date "2014.02.08"]
[Round "5.11"]
[White "Sarnyai, Daniel"]
[Black "Soklovacki, Mila"]
[Result "1-0"]
[WhiteElo "1828"]
[BlackElo "1632"]
[PlyCount "155"]
[EventDate "2014.01.24"]

1. c4 c6 2. Nc3 Nf6 3. Nf3 d5 4. cxd5 cxd5 5. d4 Nc6 6. Bf4 Bf5 7. e3 e6 8. Bb5
Bd6 9. Ne5 Bxe5 10. Bxe5 Rc8 11. Qb3 O-O 12. Bxc6 bxc6 13. O-O Ne4 14. Nxe4
Bxe4 15. Rac1 f6 16. Bg3 Qb6 17. Rc3 Bg6 18. Rfc1 Be8 19. Qa3 Rf7 20. Rb3 Qd8
21. Qa6 Ra8 22. Rb4 Qc8 23. Qa5 Rb7 24. Rc5 Rb6 25. Qa3 Qb7 26. Rb3 Rxb3 27.
axb3 Qb6 28. Rc3 Qd8 29. Qc5 a6 30. f3 Qd7 31. Rd3 Ra7 32. b4 Ra8 33. Ra3 Qd8
34. Ra5 Kf7 35. Kf2 Kg8 36. Ke2 Kf7 37. Bd6 Qd7 38. g4 Qa7 39. Qc3 Qd7 40. Bf4
Qe7 41. h4 Ra7 42. Kf2 Rb7 43. Rxa6 Qxb4 44. Qxb4 Rxb4 45. Ra7+ Kg8 46. Ra2 Kf7
47. Bd6 Rb7 48. b4 Bd7 49. e4 Be8 50. Ra8 Rd7 51. Bc5 Rb7 52. Ke3 g6 53. exd5
exd5 54. f4 Bd7 55. Kf3 f5 56. g5 Be8 57. Rd8 Rb5 58. Rd6 Rb8 59. Rf6+ Kg7 60.
h5 Bd7 61. h6+ Kg8 62. Rd6 Rb7 63. Ke3 Be8 64. Kd3 Bd7 65. Kc3 Be8 66. Kb3 Rb8
67. Re6 Rc8 68. Re7 Bf7 69. Ka4 Ra8+ 70. Ba7 Re8 71. Rc7 Re6 72. Ka5 Be8 73.
Rg7+ Kh8 74. Bb8 Re3 75. Be5 Rxe5 76. dxe5 d4 77. Re7 Kg8 78. Rxe8+ 1-0

[Event "Prvenstvo Sente   SENTA 2014"]
[Site "Senta"]
[Date "2014.02.08"]
[Round "5.12"]
[White "Davidovic, Zoran"]
[Black "Uveric, Nebojsa"]
[Result "1-0"]
[WhiteElo "1907"]
[BlackElo "1521"]
[PlyCount "87"]
[EventDate "2014.01.24"]

1. d4 d5 2. Bg5 Nf6 3. e3 e6 4. c4 c6 5. Nc3 Nbd7 6. Nf3 Bd6 7. Bd3 O-O 8. c5
Bc7 9. Qc2 h6 10. Bh4 b6 11. b4 a5 12. bxa5 Rxa5 13. cxb6 Bxb6 14. Ne5 Bb7 15.
Nxd7 Qxd7 16. Bxf6 gxf6 17. O-O f5 18. Rab1 Bd8 19. Na4 Ba8 20. Rfc1 Qe7 21.
Nc5 Bc7 22. f4 Kh8 23. Qd2 Ra7 24. a4 Bd6 25. a5 Rg8 26. a6 f6 27. Qf2 Rg4 28.
Qb2 Qe8 29. Rc2 h5 30. Rf2 h4 31. Rf3 Rag7 32. Bf1 e5 33. fxe5 fxe5 34. Rxf5 e4
35. Rf6 Bc7 36. Ne6 Qe7 37. Rh6+ Rh7 38. Rxh7+ Kxh7 39. Nxc7 Qxc7 40. Qf2 Qd7
41. h3 Rg3 42. Rb8 Rg8 43. Qxh4+ Kg7 44. Qg5+ 1-0

[Event "Prvenstvo Sente   SENTA 2014"]
[Site "Senta"]
[Date "2014.02.08"]
[Round "5.13"]
[White "Grbin, Stefan"]
[Black "Farkas, Sandor I"]
[Result "0-1"]
[WhiteElo "1609"]
[BlackElo "1874"]
[PlyCount "44"]
[EventDate "2014.01.24"]

1. d4 Nf6 2. c4 g6 3. Nc3 Bg7 4. Nf3 O-O 5. e4 d6 6. Be2 Nbd7 7. O-O e5 8. d5
Nc5 9. Qc2 a5 10. Be3 Ne8 11. Nd2 f5 12. Bxc5 dxc5 13. exf5 gxf5 14. Rae1 Ra6
15. Bd1 Rh6 16. Ne2 e4 17. Nb3 Qh4 18. h3 b6 19. Qd2 Nd6 20. Qc2 f4 21. Nd2
Bxh3 22. Nxe4 Bxg2 0-1

[Event "Prvenstvo Sente   SENTA 2014"]
[Site "Senta"]
[Date "2014.02.08"]
[Round "5.14"]
[White "Boros, Aron"]
[Black "Sakic, Simeon"]
[Result "0-1"]
[WhiteElo "1420"]
[BlackElo "1868"]
[PlyCount "68"]
[EventDate "2014.01.24"]

1. e4 e5 2. Nf3 Nc6 3. Bc4 Bc5 4. c3 Nf6 5. d4 exd4 6. cxd4 Bb4+ 7. Nbd2 Nxe4
8. O-O Nxd2 9. Bxd2 Bxd2 10. Qxd2 d5 11. Bb5 O-O 12. Rfe1 Qf6 13. Ne5 Nxe5 14.
dxe5 Qe6 15. Rad1 Rd8 16. Qg5 Bd7 17. Bxd7 Rxd7 18. f4 Qg6 19. Qxg6 fxg6 20. e6
Rd6 21. e7 Re8 22. Rc1 Rd7 23. g4 Rexe7 24. Rxe7 Rxe7 25. f5 gxf5 26. gxf5 Kf7
27. Rf1 Kf6 28. Kg2 Re5 29. Kg3 Rxf5 30. Rxf5+ Kxf5 31. Kf3 g5 32. h3 h5 33.
Kg3 c5 34. h4 d4 0-1

[Event "Prvenstvo Sente   SENTA 2014"]
[Site "Senta"]
[Date "2014.02.08"]
[Round "5.17"]
[White "Bicskei, Mihaly"]
[Black "Burany, Karoly"]
[Result "1-0"]
[WhiteElo "1853"]
[BlackElo "1441"]
[PlyCount "51"]
[EventDate "2014.01.24"]

1. e4 e6 2. d4 c5 3. d5 exd5 4. exd5 b6 5. c4 d6 6. Bd3 a5 7. Nc3 f5 8. Nf3 g6
9. O-O Bg7 10. Re1+ Kf8 11. Bd2 Bd7 12. Qc2 Na6 13. a3 h6 14. Bf4 Qc7 15. Nb5
Bxb5 16. cxb5 Nb8 17. Re6 Kf7 18. Bxd6 Qd8 19. Rae1 Ra7 20. Bc4 Bf6 21. Ne5+
Kg7 22. Bxb8 Qxb8 23. Nc6 Qc7 24. d6 Qd7 25. Nxa7 Qxa7 26. a4 1-0

[Event "Prvenstvo Sente   SENTA 2014"]
[Site "Senta"]
[Date "2014.02.08"]
[Round "5.18"]
[White "Miljkovic, Vukasin"]
[Black "Radisic, Dragoljub"]
[Result "1-0"]
[WhiteElo "1683"]
[BlackElo "1419"]
[PlyCount "79"]
[EventDate "2014.01.24"]

1. e4 c5 2. Bc4 e6 3. Nf3 d5 4. exd5 exd5 5. Qe2+ Be7 6. Bb5+ Bd7 7. Bxd7+ Nxd7
8. O-O Ngf6 9. Re1 Ne4 10. d3 Ndf6 11. dxe4 dxe4 12. Qb5+ Qd7 13. Qxd7+ Kxd7
14. Ne5+ Ke8 15. Nc3 Bd6 16. Nc4 Rd8 17. Bg5 Kd7 18. Bxf6 gxf6 19. Nxe4 Be5 20.
Nxe5+ fxe5 21. Nxc5+ Kc8 22. Rxe5 Rhg8 23. Nd3 Rd7 24. Rae1 Kd8 25. g3 Rg6 26.
Nf4 Rc6 27. c3 Rd2 28. Rd5+ Rxd5 29. Nxd5 b5 30. Re2 Rd6 31. Nb4 a5 32. Nc2 Kd7
33. a3 Rd5 34. f4 f5 35. Nd4 b4 36. axb4 axb4 37. Re5 Kd6 38. Nxf5+ Kc5 39.
cxb4+ Kc4 40. Ne3+ 1-0

[Event "Prvenstvo Sente   SENTA 2014"]
[Site "Senta"]
[Date "2014.02.08"]
[Round "5.20"]
[White "Nagy Abonyi, Arnold"]
[Black "Lorincz, Renata"]
[Result "0-1"]
[WhiteElo "1337"]
[BlackElo "1836"]
[PlyCount "124"]
[EventDate "2014.01.24"]

1. e4 e5 2. c3 Nf6 3. d3 h6 4. h3 Nc6 5. Nf3 Be7 6. Be2 O-O 7. O-O d6 8. a3 Be6
9. Be3 d5 10. exd5 Nxd5 11. Bc1 Bd6 12. c4 Nf6 13. Nc3 Nd4 14. Re1 Re8 15. Be3
c5 16. Rb1 Bf5 17. g4 Bh7 18. g5 hxg5 19. Bxg5 Ne6 20. Bh4 Nf4 21. Bf1 Bf5 22.
Kh2 Ng6 23. Bg3 a6 24. b4 cxb4 25. axb4 Rc8 26. c5 Bb8 27. Ne4 Nd5 28. Nd6 Bxd6
29. cxd6 Qxd6 30. b5 a5 31. Qd2 b6 32. Rb2 Ndf4 33. d4 Rcd8 34. Re3 e4 35. Ng5
Qxd4 36. Qxd4 Rxd4 37. Rc2 f6 38. Bc4+ Nd5 39. Nxe4 Rexe4 40. Bxd5+ Rxd5 41.
Rxe4 Bxe4 42. Rc8+ Kh7 43. h4 Rxb5 44. Rb8 Rb1 45. Bc7 Nxh4 46. Kg3 Ng6 47.
Bxb6 a4 48. Bc7 Rxb8 49. Bxb8 a3 50. Ba7 a2 51. Bd4 Ne5 52. Ba1 Nd3 53. f4 Nc1
54. Kf2 Nb3 55. Bc3 a1=Q 56. Bxa1 Nxa1 57. Ke3 Ba8 58. Kd2 Nb3+ 59. Kc3 Nc5 60.
Kd4 Ne6+ 61. Ke3 Kg6 62. f5+ Kxf5 0-1

[Event "Prvenstvo Sente   SENTA 2014"]
[Site "Senta"]
[Date "2014.02.09"]
[Round "6.1"]
[White "Vucurovic, Nebojsa"]
[Black "Nagy, Attila N"]
[Result "0-1"]
[WhiteElo "2016"]
[BlackElo "2206"]
[PlyCount "92"]
[EventDate "2014.01.24"]

1. e4 c5 2. c3 Nf6 3. e5 Nd5 4. d4 cxd4 5. cxd4 d6 6. Nf3 Nc6 7. Bc4 Nb6 8. Bb3
dxe5 9. dxe5 Qxd1+ 10. Bxd1 Bf5 11. O-O e6 12. Nc3 Bb4 13. Nb5 O-O 14. Nbd4 Bd3
15. Be2 Bxe2 16. Nxe2 Nc4 17. a3 Ba5 18. Bf4 Rfd8 19. b3 Nb2 20. b4 Bb6 21. Nc1
Rd5 22. Ra2 Nc4 23. Re1 Rad8 24. Kf1 Bc7 25. Nb3 Bxe5 26. Nxe5 N4xe5 27. Nc5
Nd3 28. Nxd3 Rxd3 29. b5 Ne7 30. Bg5 Kf8 31. a4 h6 32. Be3 b6 33. a5 Nd5 34.
axb6 axb6 35. Ra6 Rb3 36. Bxb6 Nxb6 37. Rxb6 Rd2 38. Kg1 Rdb2 39. Rb7 Rxb5 40.
Rc7 Rb1 41. Kf1 Rxe1+ 42. Kxe1 Rb2 43. g3 g5 44. g4 Rb1+ 45. Ke2 Rh1 46. Kf3
Rxh2 0-1

[Event "Prvenstvo Sente   SENTA 2014"]
[Site "Senta"]
[Date "2014.02.09"]
[Round "6.2"]
[White "Pajzer, Istvan"]
[Black "Sente, Damir"]
[Result "0-1"]
[WhiteElo "2157"]
[BlackElo "2103"]
[PlyCount "84"]
[EventDate "2014.01.24"]

1. e4 e5 2. Nf3 Nc6 3. Bb5 a6 4. Bxc6 dxc6 5. O-O f6 6. d4 exd4 7. Qxd4 Qxd4 8.
Nxd4 c5 9. Ne2 Bd6 10. Nbc3 Ne7 11. Bf4 Be6 12. Bxd6 cxd6 13. Nf4 Bf7 14. Rfd1
O-O-O 15. a4 b6 16. Rab1 g5 17. Nfd5 Nxd5 18. Nxd5 Bxd5 19. Rxd5 Rhe8 20. f3
Kc7 21. Kf2 b5 22. b4 Re5 23. axb5 axb5 24. Rd3 cxb4 25. Rxb4 Rc5 26. Rb2 h5
27. Ra3 d5 28. Ra7+ Kd6 29. exd5 Kxd5 30. Ra6 Kc4 31. Ra3 h4 32. c3 Rd3 33.
Rab3 Rd2+ 34. Rxd2 Kxb3 35. Rd6 Kxc3 36. Rxf6 b4 37. Rb6 b3 38. g3 Rc4 39. Ke3
hxg3 40. hxg3 b2 41. Rxb2 Kxb2 42. f4 Rc3+ 0-1

[Event "Prvenstvo Sente   SENTA 2014"]
[Site "Senta"]
[Date "2014.02.09"]
[Round "6.3"]
[White "Simonyi, Zoltan"]
[Black "Farkas, Tibor"]
[Result "0-1"]
[WhiteElo "2271"]
[BlackElo "2251"]
[PlyCount "56"]
[EventDate "2014.01.24"]

1. d4 Nf6 2. Nf3 g6 3. c4 Bg7 4. Nc3 O-O 5. e4 d6 6. Be2 e5 7. O-O Na6 8. Be3
Ng4 9. Bg5 Qe8 10. d5 h6 11. Bd2 f5 12. Ne1 h5 13. Nd3 f4 14. b4 Rf7 15. Rc1
Bf8 16. a4 Rg7 17. Qb3 g5 18. Rfd1 Nf6 19. Be1 g4 20. Rd2 Qg6 21. Nb2 g3 22.
Bf3 gxh2+ 23. Kxh2 Bg4 24. Qd1 Nxb4 25. a5 Nh7 26. Nd3 Ng5 27. Bxg4 hxg4 28.
Nxb4 Nf3+ 0-1

[Event "Prvenstvo Sente   SENTA 2014"]
[Site "Senta"]
[Date "2014.02.09"]
[Round "6.4"]
[White "Vranic, Ljubomir"]
[Black "Kaszas, Viktor"]
[Result "1-0"]
[WhiteElo "2213"]
[BlackElo "2045"]
[PlyCount "122"]
[EventDate "2014.01.24"]

1. d4 Nf6 2. c4 e6 3. Nc3 c5 4. d5 exd5 5. cxd5 d6 6. e4 g6 7. Be2 Bg7 8. Nf3
O-O 9. O-O Re8 10. Nd2 Nbd7 11. a4 a6 12. a5 b5 13. axb6 Nxb6 14. Re1 Qc7 15.
Bf1 c4 16. Na4 Nfd7 17. Nxb6 Nxb6 18. Nxc4 Nxc4 19. Qa4 Bf5 20. Qxc4 Qxc4 21.
Bxc4 Rxe4 22. Rxe4 Bxe4 23. f3 Bc2 24. Rxa6 Rxa6 25. Bxa6 Bb3 26. Bb7 Bd4+ 27.
Kf1 Bc4+ 28. Ke1 Kg7 29. Bf4 Bc5 30. Bd2 Kf6 31. Bc3+ Ke7 32. Bc6 Bb3 33. Kd2
h5 34. Kd3 Bg1 35. h3 Bh2 36. Bd4 Be5 37. Kc3 Ba2 38. b4 f6 39. b5 Kd8 40. b6
Kc8 41. Kd3 Bb1+ 42. Ke3 Bh2 43. Kf2 f5 44. g3 h4 45. gxh4 f4 46. Kg2 Bg3 47.
Bf2 Bxf2 48. Kxf2 Bf5 49. h5 gxh5 50. h4 Bh3 51. Be8 Kb7 52. Bxh5 Bf5 53. Bf7
Kxb6 54. h5 Bh7 55. Bg6 Bg8 56. Be4 Kc5 57. Kg2 Kd4 58. Kh3 Ke5 59. Kg4 Kf6 60.
Kxf4 Bf7 61. h6 Bh5 1-0

[Event "Prvenstvo Sente   SENTA 2014"]
[Site "Senta"]
[Date "2014.02.09"]
[Round "6.5"]
[White "Pilisi, Lukacs"]
[Black "Sakic, Lorand"]
[Result "0-1"]
[WhiteElo "1898"]
[BlackElo "1987"]
[PlyCount "120"]
[EventDate "2014.01.24"]

1. c4 Nf6 2. d3 g6 3. g3 Bg7 4. Bg2 O-O 5. Nc3 c5 6. Bd2 Nc6 7. Rb1 e6 8. e4 d5
9. Nge2 dxc4 10. dxc4 Ne5 11. O-O Nxc4 12. Bg5 h6 13. Bc1 e5 14. Qc2 b6 15. b3
Na5 16. f4 Nc6 17. fxe5 Nxe5 18. Bf4 Qe7 19. Rbd1 Bb7 20. Nd5 Nxd5 21. exd5
Rad8 22. Rfe1 Qf6 23. Rf1 Qe7 24. Rfe1 Qd7 25. h3 Bc8 26. Nc3 Rfe8 27. Kh2 Qf5
28. Qe4 Ng4+ 29. hxg4 Rxe4 30. gxf5 Rxe1 31. Rxe1 Bxc3 32. Rc1 Bd4 33. fxg6
fxg6 34. Bxh6 Bb7 35. Rf1 Bxd5 36. Bxd5+ Rxd5 37. Rf8+ Kh7 38. Bf4 Rd7 39. Kh3
Kg7 40. Re8 Kf6 41. Kg4 Kf7 42. Re2 Bf6 43. Rh2 Rd4 44. Kf3 g5 45. Be3 g4+ 46.
Ke2 Re4 47. Kd3 Re7 48. Bf4 Ke6 49. Ke4 Rd7 50. Rh5 Rd4+ 51. Ke3 Rd5 52. Rh7
Rd7 53. Rh5 a6 54. Rh6 b5 55. Bg5 Rf7 56. Ke4 c4 57. bxc4 bxc4 58. Rxf6+ Rxf6
59. Bxf6 Kxf6 60. Kd4 Kf5 0-1

[Event "Prvenstvo Sente   SENTA 2014"]
[Site "Senta"]
[Date "2014.02.09"]
[Round "6.6"]
[White "Korponai, Akos"]
[Black "Aleksic, Zvonimir"]
[Result "1/2-1/2"]
[WhiteElo "1888"]
[BlackElo "1936"]
[PlyCount "48"]
[EventDate "2014.01.24"]

1. d4 Nf6 2. Nf3 g6 3. g3 Bg7 4. Bg2 O-O 5. O-O d6 6. c4 Nc6 7. Nc3 a6 8. d5
Na5 9. Nd2 c5 10. Qc2 Rb8 11. b3 b5 12. Bb2 bxc4 13. bxc4 e5 14. dxe6 Bxe6 15.
Nd1 Qc7 16. Rb1 Nc6 17. a3 Rb6 18. e4 Rfb8 19. f4 Ne8 20. Bxg7 Nxg7 21. Ne3 Nd4
22. Qd3 Rxb1 23. Rxb1 Rxb1+ 24. Qxb1 f5 1/2-1/2

[Event "Prvenstvo Sente   SENTA 2014"]
[Site "Senta"]
[Date "2014.02.09"]
[Round "6.7"]
[White "Toth, Kazmer"]
[Black "Sarnyai, Daniel"]
[Result "1/2-1/2"]
[WhiteElo "1978"]
[BlackElo "1828"]
[PlyCount "98"]
[EventDate "2014.01.24"]

1. d4 Nf6 2. c4 g6 3. Nc3 Bg7 4. e4 d6 5. h3 O-O 6. g3 c5 7. d5 e6 8. Bg2 exd5
9. Nxd5 Nxd5 10. cxd5 b5 11. Ne2 Nd7 12. O-O Re8 13. Rb1 a5 14. b3 Ba6 15. Bb2
Nf6 16. f3 b4 17. Re1 Bb5 18. Qc2 Qb6 19. Kh2 a4 20. Bf1 a3 21. Ba1 Nd7 22.
Bxg7 Kxg7 23. Nf4 Ne5 24. Kg2 Ra7 25. Bc4 Qa6 26. Rec1 Rae7 27. Nd3 Nxd3 28.
Qxd3 Bxc4 29. Rxc4 Qb6 30. Re1 Qd8 31. g4 h6 32. Kg3 f6 33. h4 Qd7 34. h5 g5
35. e5 Rxe5 36. Qg6+ Kf8 37. Qxf6+ Kg8 38. Rxe5 Rxe5 39. Qg6+ Kf8 40. Qxh6+ Kg8
41. Qg6+ Kh8 42. Re4 Qe7 43. Kf2 Rxe4 44. Qxe4 Qxe4 45. fxe4 c4 46. e5 cxb3 47.
exd6 bxa2 48. d7 a1=Q 49. d8=Q+ Kh7 1/2-1/2

[Event "Prvenstvo Sente   SENTA 2014"]
[Site "Senta"]
[Date "2014.02.09"]
[Round "6.9"]
[White "Miljkovic, Vukasin"]
[Black "Davidovic, Zoran"]
[Result "1/2-1/2"]
[WhiteElo "1683"]
[BlackElo "1907"]
[PlyCount "51"]
[EventDate "2014.01.24"]

1. e4 e5 2. d4 exd4 3. Qxd4 Nc6 4. Qe3 b6 5. Bd3 Qf6 6. Nf3 Bc5 7. Qe2 Bd6 8.
Nc3 Bb4 9. Bd2 Nd4 10. Nxd4 Qxd4 11. a3 Be7 12. O-O Bd8 13. Nd5 Qe5 14. Bc3 Qg5
15. f4 Qh6 16. e5 Bb7 17. Be4 Bxd5 18. Bxd5 c6 19. Bb3 Ne7 20. Rad1 b5 21. Qg4
Bb6+ 22. Kh1 Rd8 23. Rd6 Ng6 24. f5 Qh4 25. Qxh4 Nxh4 26. g4 1/2-1/2

[Event "Prvenstvo Sente   SENTA 2014"]
[Site "Senta"]
[Date "2014.02.09"]
[Round "6.10"]
[White "Farkas, Sandor I"]
[Black "Bacsa, Zoltan"]
[Result "1-0"]
[WhiteElo "1874"]
[BlackElo "1654"]
[PlyCount "25"]
[EventDate "2014.01.24"]

1. e4 e5 2. d4 exd4 3. Qxd4 Nc6 4. Qe3 d6 5. Nc3 Be7 6. Bd2 Be6 7. f4 h6 8. h3
a6 9. O-O-O f6 10. Be2 Bf7 11. Nf3 Qd7 12. Nd4 O-O-O 13. Bg4 1-0

[Event "Prvenstvo Sente   SENTA 2014"]
[Site "Senta"]
[Date "2014.02.09"]
[Round "6.11"]
[White "Ridjicki, Nenad"]
[Black "Sakic, Simeon"]
[Result "0-1"]
[WhiteElo "1844"]
[BlackElo "1868"]
[PlyCount "116"]
[EventDate "2014.01.24"]

1. e4 e5 2. Bc4 Nc6 3. Nf3 Bc5 4. c3 Nf6 5. b4 Bb6 6. Qe2 O-O 7. a4 a6 8. d3 d6
9. Be3 Bxe3 10. fxe3 Qe7 11. O-O Be6 12. Bxe6 fxe6 13. Nbd2 h6 14. Rf2 Rf7 15.
d4 exd4 16. exd4 e5 17. d5 Nb8 18. Nh4 Nbd7 19. Nf5 Qf8 20. Qf3 g6 21. Qg3 Kh7
22. Nh4 Qg7 23. Raf1 Raf8 24. Qh3 Nh5 25. Qe3 b6 26. Qe2 a5 27. bxa5 bxa5 28.
Rxf7 Rxf7 29. Rxf7 Qxf7 30. g3 Nc5 31. Qc4 Qd7 32. Nhf3 Qxa4 33. Nxe5 Qxc4 34.
Nexc4 Nf6 35. Nxa5 Ncxe4 36. Nxe4 Nxe4 37. c4 Kg7 38. Kf1 Kf6 39. Ke2 Kf5 40.
Kf3 Ng5+ 41. Ke3 Kg4 42. Kf2 Kh3 43. Nc6 Kxh2 44. Ne7 Ne4+ 45. Ke3 Nxg3 46.
Nxg6 h5 47. Nf4 h4 48. Ne6 Kg2 49. Nf4+ Kh2 50. Kf2 Ne4+ 51. Ke3 Nc5 52. Kf3
Nd7 53. Nd3 Nb6 54. Kg4 h3 55. c5 dxc5 56. Nxc5 Kg2 57. Ne4 h2 58. Ng3 Nxd5 0-1

[Event "Prvenstvo Sente   SENTA 2014"]
[Site "Senta"]
[Date "2014.02.09"]
[Round "6.12"]
[White "Vilagos, Emil"]
[Black "Racz, Bela"]
[Result "1-0"]
[WhiteElo "1626"]
[BlackElo "1859"]
[PlyCount "57"]
[EventDate "2014.01.24"]

1. e4 c6 2. d4 d5 3. Nc3 dxe4 4. Nxe4 Bf5 5. Ng3 Bg6 6. h4 h6 7. h5 Bh7 8. Nf3
e6 9. Bd3 Bxd3 10. Qxd3 Bd6 11. Ne4 Qc7 12. Bd2 Nd7 13. O-O-O O-O-O 14. g3 e5
15. Nxd6+ Qxd6 16. Nxe5 Nxe5 17. dxe5 Qxd3 18. cxd3 Rxd3 19. Be3 Rxd1+ 20. Rxd1
a6 21. Bc5 f6 22. e6 f5 23. Bf8 Rh7 24. e7 Nxe7 25. Bxe7 g5 26. Bb4 b6 27. Rd6
c5 28. Bc3 Kb7 29. Rg6 1-0

[Event "Prvenstvo Sente   SENTA 2014"]
[Site "Senta"]
[Date "2014.02.09"]
[Round "6.14"]
[White "Lorincz, Renata"]
[Black "Vrabel, Mate"]
[Result "1-0"]
[WhiteElo "1836"]
[BlackElo "1513"]
[PlyCount "73"]
[EventDate "2014.01.24"]

1. d4 c6 2. c4 d5 3. Nc3 Nf6 4. Nf3 e6 5. Bg5 h6 6. Bh4 Be7 7. e3 O-O 8. Rc1
Nbd7 9. Be2 dxc4 10. Bxc4 c5 11. O-O Nb6 12. Bb3 cxd4 13. Nxd4 Nfd5 14. Bxe7
Nxe7 15. Qf3 Rb8 16. Rfd1 Qe8 17. Ne4 Ned5 18. Rc5 Bd7 19. Qg3 Qe7 20. Qd6 Qxd6
21. Nxd6 Rfd8 22. e4 Nf6 23. f3 Na4 24. Rc2 Be8 25. Nxe8 Nxe8 26. Bxa4 b5 27.
Bb3 e5 28. Rcd2 exd4 29. Rxd4 Rxd4 30. Rxd4 a6 31. Rd7 Nf6 32. Rxf7 Kh8 33. e5
Nh7 34. e6 Re8 35. Ra7 Kg8 36. e7+ Kh8 37. Bf7 1-0

[Event "Prvenstvo Sente   SENTA 2014"]
[Site "Senta"]
[Date "2014.02.09"]
[Round "6.16"]
[White "Soklovacki, Mila"]
[Black "Posa, Janos"]
[Result "1-0"]
[WhiteElo "1632"]
[BlackElo "1866"]
[PlyCount "103"]
[EventDate "2014.01.24"]

1. e4 c6 2. d4 d5 3. exd5 cxd5 4. Nf3 e6 5. c3 Nf6 6. Bg5 Be7 7. Nbd2 h6 8.
Bxf6 Bxf6 9. Bd3 Nc6 10. O-O O-O 11. Nb3 e5 12. dxe5 Nxe5 13. Nxe5 Bxe5 14. Qf3
Qg5 15. Rfe1 Re8 16. Qxd5 Bh3 17. g3 Rad8 18. Qe4 f5 19. Qc4+ Kh8 20. f4 Bxf4
21. Rxe8+ Rxe8 22. Qxf4 Qxf4 23. gxf4 Re3 24. Rd1 Bg4 25. Rd2 Rf3 26. Be2 Rxf4
27. Bxg4 Rxg4+ 28. Rg2 Re4 29. Nd4 f4 30. Re2 Rxe2 31. Nxe2 g5 32. Kf2 Kg7 33.
Kf3 Kf6 34. h3 h5 35. h4 gxh4 36. Kxf4 Ke6 37. Kg5 Ke5 38. Kxh4 Ke4 39. Kxh5
Kd3 40. Nd4 Kc4 41. Kg4 b5 42. Nxb5 Kxb5 43. Kf3 a5 44. Ke3 Kc4 45. Kd2 a4 46.
Kc2 Kb5 47. b3 a3 48. Kd3 Kc5 49. Ke4 Kb5 50. Kd4 Ka5 51. Kc4 Ka6 52. Kb4 1-0

[Event "Prvenstvo Sente   SENTA 2014"]
[Site "Senta"]
[Date "2014.02.09"]
[Round "6.17"]
[White "Radisic, Dragoljub"]
[Black "Grbin, Stefan"]
[Result "0-1"]
[WhiteElo "1419"]
[BlackElo "1609"]
[PlyCount "72"]
[EventDate "2014.01.24"]

1. e4 c5 2. Nf3 e6 3. d4 cxd4 4. Nxd4 Nc6 5. Nc3 Nf6 6. a3 Qa5 7. Bd2 Qb6 8.
Nb3 Be7 9. Be3 Qd8 10. Bd3 O-O 11. O-O a6 12. f4 d5 13. exd5 exd5 14. Bf2 Bg4
15. Be2 Bxe2 16. Nxe2 Qc7 17. c3 Rad8 18. Nbd4 Nxd4 19. Bxd4 Bc5 20. Kh1 Bxd4
21. Nxd4 Qb6 22. Qd2 Rfe8 23. Rfe1 Ne4 24. Qc2 Rc8 25. Qa4 Qxb2 26. Rac1 Qd2
27. Rf1 Nxc3 28. Rxc3 Qxc3 29. h3 Re4 30. Rd1 Re1+ 31. Kh2 Rxd1 32. Qxd1 g6 33.
f5 Qc7+ 34. g3 Qc1 35. Qe2 Qc4 36. Qe5 Qa2+ 0-1

[Event "Prvenstvo Sente   SENTA 2014"]
[Site "Senta"]
[Date "2014.02.09"]
[Round "7.1"]
[White "Nagy, Attila N"]
[Black "Farkas, Tibor"]
[Result "0-1"]
[WhiteElo "2206"]
[BlackElo "2251"]
[PlyCount "36"]
[EventDate "2014.01.24"]

1. b3 e5 2. Bb2 d6 3. c4 g6 4. Nf3 Bg7 5. e3 f5 6. d3 Ne7 7. Nbd2 c5 8. Be2 O-O
9. Qc2 Nbc6 10. a3 h6 11. O-O g5 12. Rfb1 g4 13. Ne1 h5 14. Bc3 f4 15. b4 fxe3
16. fxe3 Nf5 17. Nf1 Qf6 18. Bd2 Nfd4 0-1

[Event "Prvenstvo Sente   SENTA 2014"]
[Site "Senta"]
[Date "2014.02.09"]
[Round "7.2"]
[White "Sente, Damir"]
[Black "Vranic, Ljubomir"]
[Result "0-1"]
[WhiteElo "2103"]
[BlackElo "2213"]
[PlyCount "36"]
[EventDate "2014.01.24"]

1. d4 Nf6 2. Nf3 b6 3. c4 Bb7 4. Nbd2 e6 5. g3 h5 6. Bg2 c5 7. O-O h4 8. Nxh4
Bxg2 9. Nxg2 Ng4 10. Nf3 cxd4 11. Qxd4 f5 12. Bg5 Qc7 13. e4 Nc6 14. Qd3 Nce5
15. Nxe5 Nxe5 16. Qc3 Bb4 17. Qb3 Qxc4 18. Qxc4 Nf3+ 0-1

[Event "Prvenstvo Sente   SENTA 2014"]
[Site "Senta"]
[Date "2014.02.09"]
[Round "7.3"]
[White "Sakic, Lorand"]
[Black "Pajzer, Istvan"]
[Result "1-0"]
[WhiteElo "1987"]
[BlackElo "2157"]
[PlyCount "59"]
[EventDate "2014.01.24"]

1. e4 c5 2. Nf3 d6 3. Bb5+ Nd7 4. O-O Ngf6 5. Re1 e5 6. c3 Be7 7. d4 exd4 8.
cxd4 cxd4 9. Nxd4 O-O 10. Nc3 a6 11. Ba4 b5 12. Nc6 Qe8 13. Bc2 Bb7 14. Nxe7+
Qxe7 15. Nd5 Nxd5 16. exd5 Qf6 17. Be3 Rfe8 18. Qd3 g6 19. Rad1 Ne5 20. Qd4
Rac8 21. Bb3 h5 22. h3 Qd8 23. Bd2 f6 24. f4 Nd7 25. Re6 Qc7 26. Rde1 Rf8 27.
Bb4 Nc5 28. Re7 Nd7 29. Qe4 f5 30. Qe6+ 1-0

[Event "Prvenstvo Sente   SENTA 2014"]
[Site "Senta"]
[Date "2014.02.09"]
[Round "7.4"]
[White "Sakic, Simeon"]
[Black "Simonyi, Zoltan"]
[Result "0-1"]
[WhiteElo "1868"]
[BlackElo "2271"]
[PlyCount "106"]
[EventDate "2014.01.24"]

1. e4 e6 2. d4 d5 3. Nd2 a6 4. Bd3 c5 5. dxc5 Bxc5 6. Nb3 Ba7 7. exd5 exd5 8.
Nf3 Nc6 9. c3 Bg4 10. O-O Nge7 11. Bf4 Qd7 12. Re1 h6 13. Bc2 Rd8 14. h3 Bh5
15. Be3 Bxe3 16. Rxe3 O-O 17. Nc5 Qc7 18. Nb3 Rd6 19. Nbd4 Qb6 20. Qd2 Rf6 21.
Rae1 Nc8 22. Nf5 Bg6 23. N3h4 Qxb2 24. Nxh6+ gxh6 25. Rg3 N8e7 26. Re2 Kg7 27.
Qe1 Qb6 28. Qd2 Rd8 29. Kh2 Qc7 30. Kg1 Qf4 31. Nxg6 fxg6 32. Qd3 Rdd6 33. Rge3
Rf7 34. Rf3 Qc1+ 35. Kh2 Rxf3 36. Qxf3 Rf6 37. Qd3 Qf4+ 38. Kg1 h5 39. Bb3 Qf5
40. Qe3 h4 41. Qc5 Rf7 42. c4 d4 43. Qd6 Nc8 44. Qa3 d3 45. Rd2 Rd7 46. Bd1 Qe4
47. Qb2+ Qd4 48. Qc1 Nd6 49. Bg4 Rd8 50. Be2 Ne5 51. c5 Ne4 52. Bxd3 Nxd2 53.
Qxd2 Nxd3 0-1

[Event "Prvenstvo Sente   SENTA 2014"]
[Site "Senta"]
[Date "2014.02.09"]
[Round "7.5"]
[White "Kaszas, Viktor"]
[Black "Korponai, Akos"]
[Result "1-0"]
[WhiteElo "2045"]
[BlackElo "1888"]
[PlyCount "120"]
[EventDate "2014.01.24"]

1. e4 c5 2. Nf3 g6 3. c3 Bg7 4. d4 cxd4 5. cxd4 d5 6. e5 Nc6 7. h3 h5 8. Nc3
Nh6 9. Qb3 Nf5 10. Be3 a6 11. Qxd5 Qb6 12. Qb3 Qxb3 13. axb3 Nb4 14. Kd2 Nxe3
15. fxe3 O-O 16. Bc4 Rb8 17. Nd5 Nxd5 18. Bxd5 Bf5 19. Ke2 e6 20. Bc4 Be4 21.
Rhc1 Rbc8 22. Rc3 Bc6 23. Rac1 Rfd8 24. Kf2 Bd7 25. Ng5 Bf8 26. Bd3 Bb4 27.
Rxc8 Rxc8 28. Rxc8+ Bxc8 29. Ne4 b5 30. Kg3 Kf8 31. Nd6 Bd7 32. Kf4 Ke7 33. Ne4
Bc8 34. Nf6 Bd2 35. g4 hxg4 36. hxg4 Bc1 37. Be4 Bxb2 38. Bc6 Bc1 39. Ke4 Bd2
40. Kd3 Bb4 41. e4 Kd8 42. d5 exd5 43. exd5 Be7 44. g5 Bxf6 45. gxf6 Bd7 46.
Bb7 a5 47. Kd4 a4 48. bxa4 bxa4 49. Ba6 g5 50. Bc4 g4 51. Ke4 Kc7 52. Kf4 Kb6
53. e6 Be8 54. Kxg4 Kc5 55. Ba2 a3 56. Kf5 Kd6 57. Bb3 fxe6+ 58. dxe6 Ba4 59.
Ba2 Bc2+ 60. Kg5 Ba4 1-0

[Event "Prvenstvo Sente   SENTA 2014"]
[Site "Senta"]
[Date "2014.02.09"]
[Round "7.6"]
[White "Sarnyai, Daniel"]
[Black "Vucurovic, Nebojsa"]
[Result "1-0"]
[WhiteElo "1828"]
[BlackElo "2016"]
[PlyCount "91"]
[EventDate "2014.01.24"]

1. c4 e5 2. Nc3 Nf6 3. Nf3 Nc6 4. g3 d5 5. cxd5 Nxd5 6. Bg2 Nb6 7. O-O Be6 8.
d3 Be7 9. a3 Qd7 10. b4 f6 11. Qc2 h5 12. Be3 g5 13. Ne4 h4 14. Bc5 hxg3 15.
fxg3 Nd5 16. Qd2 Bh3 17. Rf2 Bxg2 18. Rxg2 O-O-O 19. Bxe7 Ncxe7 20. Nc3 Nxc3
21. Qxc3 Nf5 22. Kf2 Rh6 23. Rc1 Rdh8 24. Rh1 g4 25. Nd2 Nd6 26. Qc5 b6 27. Qd5
c6 28. Qb3 Qf5+ 29. Ke1 Rh3 30. Rf2 Qd7 31. Rxf6 Rxg3 32. Rxd6 Qxd6 33. Ne4 Qd4
34. Nxg3 Qa1+ 35. Kd2 Qd4 36. e3 Qd7 37. Qc3 Qe6 38. Qc4 Qf6 39. Qxg4+ Kb7 40.
Ne4 Qe7 41. h3 Ka6 42. Rf1 Qe8 43. a4 Rh6 44. Rf6 Rh8 45. Nd6 Qe7 46. Qc4+ 1-0